000 01766nam a2200253 4500
003 co-ctgcurn
005 20250329165503.0
007 ta
008 190415s2021 000 0 eng d
040 _aCO-CtgCURN
_bspa
_ccoctgcurn
082 0 _aODO 2021
_bO839
100 1 _aOspino Guerra, Juliette.
245 1 0 _aEstrés académico y niveles de cortisol sérico y salival en estudiantes de odontología de la Corporación Universitaria Rafael Núñez /
_cJuliette Ospino Guerra; directora Jennifer Orozco Páez; co-investigadora Natalia Fortich Mesa.
260 1 _aCartagena de Indias : :
_bCorporación Universitaria Rafael Nuñez,,
_c2021.
300 _a28 hojas.
504 _aTrabajo de grado (Odontologo).Corporación Universitaria Rafael Núñez. Facultad de Ciencias de Salud. Programa de Odontología, 2021.
520 _a"el estrés académico, se ha convertido en un tema de interés y preocupación a nivel mundial, ya se ha demostrado que sus efectos inciden tanto en la salud física y mental, como en el rendimiento laboral y en el caso de los estudiantes, influye en el rendimiento académico. El estrés es considerado como una respuesta fisiológica que produce en el organismo ante los estímulos estresores y se ve reflejado en la variación de la hormona del estrés, el cortisol."
650 1 4 _aOdontología
_vTesis y disertaciones academicas.
700 1 _aFortich Mesa, Natalia,
_eco-investigadora.
700 1 _aOrozco Páez, Jennifer,
_edirectora.
856 _uhttps://unicurn.sharepoint.com/:b:/s/biblioteca/EeXrP5EyPC1HpWoNjuJbC9EBXqYfI0aq8QS-vfUfoPglEQ?e=9VdG3t
_zClick aqui para ver el recurso en texto completo
942 _2ddc
_cTG
_hODO 2021
_iO839
999 _c5620
_d5620